| 000 | 01595nam a2200277 a 4500 | ||
|---|---|---|---|
| 008 | 120416s1996 ||||||||||||||||| || u | ||
| 020 | _a1779050488 | ||
| 050 | _aKJ 851 Pea | ||
| 100 | _aMandaza, Ibbo | ||
| 245 | 1 | 0 | _aPeace and security in Southern Africa |
| 246 | _aPeace & security in southern Africa | ||
| 260 |
_aHarare _bSAPES Books _c1996 |
||
| 300 | _axxiii, 183 p. | ||
| 350 | _a0.00 | ||
| 490 | _aRegional cooperation series | ||
| 500 | _a'SAPES Trust'--P. [4] of cover. -'Southern Africa Regional Institute for Policy Studies ...'-- Ser. t.p. -Includes bibliographical references and indexes. | ||
| 650 | _aPOLITICS | ||
| 650 | _aAFRICA, SOUTHERN POLITICS AND GOVERNMENT--1994- | ||
| 710 | _aSAPES Trust | ||
| 710 | _aSouthern Africa Regional Institute for Policy Studies | ||
| 995 |
_D0.00 _FCBU-MAIN LIBRARY (Kitwe) _H2 _I9.00 _M2 _UAVAILABLE _ZAnnex Low-Usage Collection |
||
| 995 |
_D0.00 _FCBU-MAIN LIBRARY (Kitwe) _H3 _I9.00 _M3 _UAVAILABLE _ZAnnex Low-Usage Collection |
||
| 995 |
_D0.00 _FCBU-MAIN LIBRARY (Kitwe) _H1 _I9.00 _M1 _UAVAILABLE _ZMain Library Open Access Collection |
||
| 995 |
_D0.00 _FCBU-MAIN LIBRARY (Kitwe) _H5 _I9.00 _M5 _UAVAILABLE _ZAnnex Low-Usage Collection |
||
| 995 |
_D0.00 _FCBU-MAIN LIBRARY (Kitwe) _H4 _I9.00 _M4 _UAVAILABLE _ZMain Library Open Access Collection |
||
| 999 |
_c81772 _d81772 |
||